Statistics for Companies A-Z

Click here to take the quiz!

General Stats

  • This quiz has been taken 23,229 times
  • The average score is 16 of 26

Answer Stats

Clue Company % Correct
ASteve Jobs, iPads, iPodsApple
100%
CWorld's largest soda companyCoca-Cola
97%
MBill GatesMicrosoft
95%
KCornflakes and Froot LoopsKellogg
90%
ISwedish furnitureIKEA
90%
SPlaystationSony
87%
VGolf, Beetle, PassatVolkswagen
84%
YMakers of musical instruments
and motorcycles
Yamaha
77%
WWorld's largest retailerWal-mart
76%
BDeepwater Horizon oil spillBP
74%
DVacuums, fans, and hand dryersDyson
69%
TUp to 140 charactersTwitter
67%
FAssembly line pioneersFord
63%
QAustralia's national airlineQantas
54%
GConglomerate co-founded
by Thomas Edison
General Electric
54%
JAmerican department stores soon
to be out of business, probably
J.C. Penney
45%
UBrands include Dove, Ben & Jerry'sUnilever
41%
H"The world's local bank"HSBC
40%
PMakers of blue pills for menPfizer
39%
XComputer mouse and GUI inventorsXerox
36%
RPrivatized British postal companyRoyal Mail
34%
EHigh-speed train between
London and Paris
Eurostar
33%
LThe start of the financial crisisLehman Brothers
31%
OOfficial Olympic timekeeperOmega
31%
ZFarmville, Words With FriendsZynga
27%
NWon its first Emmy in 2013Netflix
18%

Score Distribution

Percentile by Number Answered

Percent of People with Each Score

Your Score History

You have not taken this quiz